[Event "31. DSenEM2019 Gruppe 65+"]
[Site "Radebeul"]
[Date "2019.05.01"]
[Round "6.76"]
[White "Weber, Martin"]
[Black "Richter, Stefan"]
[Result "1-0"]
[BlackElo "1631"]
[BlackTeam "SZ Langenberg"]
[EventDate "2019.??.??"]
[PlyCount "105"]
[WhiteElo "1848"]
[WhiteTeam "SV Betzdorf-Kirchen"]

1. d4 c5 2. d5 Nf6 3. c4 g6 4. Nc3 a6 5. e4 d6 6. Bd3 Bg7 7. Nge2 Nbd7 8. Bf4
Nh5 9. Bd2 Ne5 10. Qc2 e6 11. O-O-O Bd7 12. Ng3 Nxd3+ 13. Qxd3 Nxg3 14. Qxg3 e5
15. h4 h5 16. f4 Bg4 17. Rdf1 f5 18. fxe5 dxe5 19. exf5 gxf5 20. Qe3 Qd6 21. g3
Bh6 22. Qe1 O-O-O 23. Bxh6 Rxh6 24. Nd1 b5 25. b3 Qf6 26. Qe3 Qd6 27. Rh2 b4
28. Nb2 Rf6 29. Nd3 f4 30. gxf4 Rxf4 31. Rxf4 exf4 32. Qxf4 Qe7 33. Qf2 Kb8 34.
Qxc5 Qf6 35. Qxb4+ Ka8 36. Kc2 Bf5 37. Qc3 Qd6 38. Rg2 Re8 39. Kb2 Re3 40. Qh8+
Ka7 41. Rg7+ Re7 42. Rxe7+ Qxe7 43. Qd4+ Ka8 44. Ne5 Qg7 45. Ka3 a5 46. d6 Qb7
47. c5 Bd7 48. Nxd7 Qxd7 49. Qd5+ Ka7 50. c6 Qg4 51. Qxa5+ Kb8 52. Qb6+ Kc8 53.
Qc7#  1-0

[Event "31. DSenEM2019 Gruppe 65+"]
[Site "Radebeul"]
[Date "2019.05.01"]
[Round "6.77"]
[White "Peter, Volkhard"]
[Black "Briesemeister, Klaus"]
[Result "1-0"]
[BlackElo "1621"]
[BlackTeam "SV Lingen"]
[EventDate "2019.??.??"]
[PlyCount "95"]
[WhiteElo "1723"]
[WhiteTeam "SV Einheit Schwerin"]

1. e4 d6 2. d4 g6 3. Nc3 Nf6 4. Bg5 Bg7 5. e5 dxe5 6. dxe5 Qxd1+ 7. Rxd1 Ng4 8.
Nd5 Bxe5 9. Nf3 Bd6 10. Bxe7 c6 11. Bxd6 cxd5 12. Rxd5 Be6 13. Rd4 Nc6 14. Bb5
a6 15. Bxc6+ bxc6 16. O-O f6 17. Re1 Kf7 18. h3 Nh6 19. b3 Nf5 20. Rd2 Rad8 21.
Bc7 Rxd2 22. Nxd2 Nd4 23. c4 Ra8 24. Bb6 Nc2 25. Re2 Bf5 26. Ne4 Bxe4 27. Rxe4
Re8 28. Rxe8 Kxe8 29. Bc5 Ne1 30. f3 Nd3 31. Bd4 Kf7 32. Kf1 Nc1 33. Ke1 Nxa2
34. Kd2 a5 35. Bb6 a4 36. bxa4 Nb4 37. a5 Ke6 38. Bc5 Na6 39. Be3 c5 40. Kd3
Kd6 41. Ke4 Ke6 42. g4 g5 43. f4 h6 44. Bf2 gxf4 45. Kxf4 Nb4 46. Ke4 Nc6 47.
a6 Kd6 48. Kf5  1-0

[Event "31. DSenEM2019 Gruppe 65+"]
[Site "Radebeul"]
[Date "2019.05.01"]
[Round "6.79"]
[White "Baensch, Frank"]
[Black "Semisch, Helga"]
[Result "1-0"]
[BlackElo "1571"]
[BlackTeam "ESV Lok Meiningen"]
[EventDate "2019.??.??"]
[PlyCount "67"]
[WhiteElo "1713"]
[WhiteTeam "Schach macht fit"]

1. d4 d5 2. Nf3 c6 3. Bf4 Nd7 4. e3 e6 5. c4 Qb6 6. Qc2 f5 7. a3 Ngf6 8. Nc3 Be7
9. Be2 O-O 10. c5 Qd8 11. h3 b6 12. b4 Qe8 13. Ne5 Nxe5 14. Bxe5 Nd7 15. Bh2
Bf6 16. O-O Qg6 17. Bd6 Re8 18. Qa4 Bb7 19. Qd1 e5 20. Bh5 Qh6 21. Bxe8 Rxe8
22. Ra2 exd4 23. Bf4 Qh4 24. Bg3 Qg5 25. exd4 Qg6 26. Re2 Rd8 27. Rfe1 Ba6 28.
Re6 Rc8 29. Qf3 Nf8 30. R6e3 Bxd4 31. Re7 Ra8 32. Nxd5 Rc8 33. Rxa7 Bc4 34.
Ne7+  1-0

[Event "31. DSenEM2019 Gruppe 65+"]
[Site "Radebeul"]
[Date "2019.05.01"]
[Round "6.80"]
[White "Ritter, Fred"]
[Black "Bouma, Jan"]
[Result "1-0"]
[Annotator "lenovo"]
[BlackElo "1546"]
[BlackTeam "SF Korbach"]
[EventDate "2019.??.??"]
[PlyCount "157"]
[WhiteElo "1706"]
[WhiteTeam "BSV Chemie Radebeul"]

1. e4 c5 2. Nf3 Nc6 3. c3 e5 4. Bc4 Be7 5. d3 h6 6. Be3 Nf6 7. Nbd2 Ng4 8. O-O
d6 9. a3 Bf6 10. b4 b6 11. Bd5 Bb7 12. Re1 Qc7 13. Nf1 Nxe3 14. Nxe3 Ne7 15.
Ba2 O-O 16. Ng4 Ng6 17. Nxf6+ gxf6 18. g3 Kh7 19. h4 Rae8 20. Nh2 Bc8 21. Qh5
Qe7 22. Bb3 Rg8 23. Nf1 Nf4 24. Qxf7+ Qxf7 25. Bxf7 Nxd3 26. Re3 Nf4 27. Bxe8
Nh3+ 28. Kg2 Rxe8 29. Nh2 Rg8 30. Kf1 f5 31. exf5 Bxf5 32. Rd1 Rg6 33. Rf3 Be6
34. Rf8 Kg7 35. Ra8 a6 36. Ke1 Bc4 37. Ra7+ Kf8 38. Rb7 Rf6 39. Rd2 h5 40. Rxb6
Ke7 41. Rb7+ Ke8 42. Rh7 Bf7 43. Nf1 Ng1 44. Nh2 e4 45. Rh8+ Ke7 46. Ra8 Bc4
47. bxc5 d5 48. Rh8 Nf3+ 49. Nxf3 Rxf3 50. Rxh5 Rxc3 51. Rb2 Rxa3 52. Rb7+ Kf6
53. Rb6+ Kg7 54. Rg5+ Kh7 55. Rb2 e3 56. fxe3 Rxe3+ 57. Kf2 d4 58. c6 Bb5 59.
c7 Rc3 60. Rd5 Rxc7 61. Rxd4 Rc3 62. Rd5 Rc1 63. Rg5 Rf1+ 64. Ke3 Re1+ 65. Kd4
Rd1+ 66. Kc5 Rc1+ 67. Kd5 Re1 68. Kc5 Kh6 69. Rd2 Re6 70. Rd8 Re7 71. Rd6+ Kh7
72. h5 Rg7 73. Rxg7+ Kxg7 74. g4 Be2 75. Rg6+ Kh7 76. Kd6 a5 77. g5 a4 78. Re6
a3 79. Rxe2  1-0

[Event "31. DSenEM2019 Gruppe 65+"]
[Site "Radebeul"]
[Date "2019.05.01"]
[Round "6.81"]
[White "Thonig, Manfred"]
[Black "Hoose, Hannelore"]
[Result "1-0"]
[Annotator "lenovo"]
[BlackElo "1674"]
[BlackTeam "SC Vahr"]
[EventDate "2019.??.??"]
[PlyCount "111"]
[WhiteElo "1564"]

1. f4 d5 2. Nf3 c5 3. e3 Nc6 4. b3 e6 5. Bb2 Nge7 6. a4 a6 7. Be2 Nf5 8. O-O f6
9. Qe1 Qe7 10. c3 Bd7 11. Qc1 Qf7 12. d3 Na5 13. Bd1 Nc6 14. e4 dxe4 15. dxe4
Nh6 16. e5 O-O-O 17. b4 cxb4 18. Nd4 a5 19. Bf3 Qe8 20. cxb4 Bxb4 21. Qc4 Nf5
22. Nxf5 exf5 23. Bd4 Be6 24. Qb5 Rxd4 25. Rc1 Bd7 26. Ra2 fxe5 27. fxe5 Kc7
28. Rac2 Re4 29. Bxe4 fxe4 30. Nc3 Bxc3 31. Rxc3 Qe6 32. Qxa5+ Kb8 33. Qb6 Rc8
34. Rc5 Nd8 35. a5 Qxb6 36. Kh1 Ka8 37. Rxc8+ Bxc8 38. axb6 Nc6 39. Rc5 h5 40.
Kg1 Be6 41. Kf2 Bf5 42. h3 h4 43. Ke3 Kb8 44. Kf4 Kc8 45. Kg5 Kd7 46. Kf4 Ke6
47. Rxc6+ bxc6 48. b7 Ke7 49. b8=Q Kf7 50. Qc7+ Kf8 51. Qxc6 Kf7 52. Kg5 e3 53.
Kh5 Ke7 54. Qd6+ Ke8 55. Kg5 e2 56. Qd2  1-0

[Event "31. DSenEM2019 Gruppe 65+"]
[Site "Radebeul"]
[Date "2019.05.01"]
[Round "6.82"]
[White "Huber, Helmut"]
[Black "Geibel, Henning"]
[Result "1-0"]
[BlackElo "1392"]
[BlackTeam "SV Bargteheide"]
[EventDate "2019.??.??"]
[PlyCount "69"]
[WhiteElo "1652"]
[WhiteTeam "Brackweder SK"]

1. d4 d5 2. Nf3 Bf5 3. c4 dxc4 4. Nc3 e6 5. e4 Bg4 6. Qa4+ Nc6 7. Ne5 Bh5 8.
Nxc6 bxc6 9. Qxc6+ Ke7 10. Bg5+ f6 11. Bxc4 Bf7 12. Be3 Rb8 13. Bb3 Rb6 14.
Qc5+ Kd7 15. Qc4 Bd6 16. d5 exd5 17. exd5 Rb4 18. Qc6+ Ke7 19. O-O Be8 20. Qa6
Kf8 21. Qe2 a5 22. Bc4 Ne7 23. a3 Rb8 24. Rad1 a4 25. Ne4 Be5 26. Nc5 Bf7 27.
Ne6+ Bxe6 28. dxe6 Qc8 29. Qh5 Qe8 30. Qxe8+ Rxe8 31. Bc5 Bxb2 32. Rd7 Be5 33.
Rfd1 g5 34. Rxe7 Rxe7 35. Rd8+  1-0

[Event "31. DSenEM2019 Gruppe 65+"]
[Site "Radebeul"]
[Date "2019.05.01"]
[Round "6.83"]
[White "Rudolph, Karl-Heinz"]
[Black "Schleicher, Winfried"]
[Result "1-0"]
[BlackElo "1352"]
[BlackTeam "Lüneschach"]
[EventDate "2019.??.??"]
[PlyCount "47"]
[WhiteElo "1642"]
[WhiteTeam "SV Irxleben"]

1. e4 d6 2. d4 Nf6 3. Nc3 e6 4. f4 d5 5. e5 Nfd7 6. Nf3 h6 7. Bd3 Be7 8. O-O O-O
9. f5 c5 10. f6 gxf6 11. Bxh6 fxe5 12. Nxe5 Nxe5 13. dxe5 Bg5 14. Qg4 f6 15.
exf6 Rxf6 16. Qxg5+ Kf7 17. Qg7+ Ke8 18. Rxf6 Qe7 19. Rf8+ Kd7 20. Rf7 Nc6 21.
Rxe7+ Nxe7 22. Bg5 Kc6 23. Qxe7 Bd7 24. Bb5+  1-0

[Event "31. DSenEM2019 Gruppe 65+"]
[Site "Radebeul"]
[Date "2019.05.01"]
[Round "6.84"]
[White "Ludwig, Richard"]
[Black "Girod, Gudrun"]
[Result "1/2-1/2"]
[BlackElo "1487"]
[BlackTeam "Hannover 96"]
[EventDate "2019.??.??"]
[PlyCount "23"]
[WhiteElo "1547"]
[WhiteTeam "SV Irxleben"]

1. e4 e6 2. d4 d5 3. exd5 exd5 4. Nf3 c6 5. Bf4 Nf6 6. Be2 Be7 7. O-O O-O 8. Re1
Bd6 9. Bxd6 Qxd6 10. Nbd2 Bg4 11. h3 Bxf3 12. Bxf3  1/2-1/2

[Event "31. DSenEM2019 Gruppe 65+"]
[Site "Radebeul"]
[Date "2019.05.01"]
[Round "6.85"]
[White "Walther, Renate"]
[Black "Deak-Willimsky, Emanuela"]
[Result "0-1"]
[BlackElo "1506"]
[BlackTeam "SF Furtwangen-Vöhrenbach"]
[EventDate "2019.??.??"]
[PlyCount "92"]
[WhiteElo "1127"]
[WhiteTeam "SK Herzogenaurach"]

1. e4 c5 2. Nf3 Nc6 3. d4 Nxd4 4. Nxd4 cxd4 5. Qxd4 d6 6. Qa4+ Bd7 7. Bb5 Nf6 8.
Nc3 a6 9. Bxd7+ Nxd7 10. Qc4 b5 11. Qe2 g6 12. O-O Bg7 13. Bd2 O-O 14. Rab1 Ne5
15. b3 e6 16. f4 Nc6 17. a3 Nd4 18. Qd1 Qb6 19. Be3 Qc5 20. Qd2 Qxc3 21. Qd3
Qxd3 22. cxd3 Nc2 23. Rf3 Nxe3 24. Kh1 Bd4 25. Re1 Rac8 26. h3 Nc2 27. Ref1
Nxa3 28. f5 exf5 29. exf5 f6 30. Rg3 g5 31. h4 h6 32. Kh2 Be5 33. Kh3 Bxg3 34.
Kxg3 Rc3 35. Kg4 Rxd3 36. Kh5 Kg7 37. Re1 Rf7 38. Re4 Rg3 39. Rg4 Rxg4 40. Kxg4
Nc2 41. Kh5 Nd4 42. g4 gxh4 43. Kxh4 Nxb3 44. Kh5 a5 45. g5 hxg5 46. Kg4 a4 
0-1